Visualizzazione normale
Vista MARC
- D'Agostino F., Alici L., Bompiani A., Di Pietro M.L., Barcellona P., Corradi M., Pellicanò P.
di Personal Name
Records bibliografici associati: 1
001 - CONTROL NUMBER
- control field: 60272
003 - CONTROL NUMBER IDENTIFIER
- control field:
005 - DATE AND TIME OF LATEST TRANSACTION
- control field: 20231016112042.0
008 - FIXED-LENGTH DATA ELEMENTS
- fixed length control field: 231016|| aca||aabn | a|a d
040 ## - CATALOGING SOURCE
- Original cataloging agency:
- Transcribing agency:
100 ## - HEADING--PERSONAL NAME
- Personal name: D'Agostino F., Alici L., Bompiani A., Di Pietro M.L., Barcellona P., Corradi M., Pellicanò P.
- Personal name: Gomarasca P., De Marinis M.G., Patriarca E., Dalla Torre P., Costanzo G., Delle Foglie A
670 ## - SOURCE DATA FOUND
- Source citation: Work cat.: ()208445: Ricci Sindoni Paola (et al.) 60271, Educare alla vita, 2009